书目信息 |
| 题名: |
纤维光学
|
|
| 作者: | Alan , 阿兰 著 ;甘子光 , 林敏 译 | |
| 分册: | ||
| 出版信息: | 北京 轻工业出版社 1981 |
|
| 页数: | 266页 | |
| 开本: | 19cm | |
| 丛书名: | ||
| 单 册: | ||
| 中图分类: | TN25 | |
| 科图分类: | ||
| 主题词: | 纤维光学 | |
| 电子资源: | ||
| ISBN: | ||
| 000 | 00881nam0 2200301 45 | |
| 001 | 0181004349 | |
| 005 | 20060810150820.76 | |
| 010 | @dCNY0.88 | |
| 091 | @a15042.1591 | |
| 100 | @a19950412d1981 emky0chiy0121 ea | |
| 101 | 1 | @achi@ceng |
| 102 | @aCN@b110000 | |
| 105 | @ay z 000yy | |
| 200 | 10 | @a纤维光学@Axian wei guang xue@e理论和实践@f(英)阿兰(W.B.Alan)著@g甘子光,林敏译 |
| 210 | @a北京@c轻工业出版社@d1981 | |
| 215 | @a266页@d19cm | |
| 300 | @a书名原文:Fibre optics(Theory and practice) | |
| 304 | @a著者原译:艾伦 | |
| 510 | 1 | @aFibre optics(Theory and practice)@zeng |
| 606 | @a纤维光学 | |
| 690 | @aTN25@v3 | |
| 701 | A1 | @aAlan@bW.B.@4著 |
| 701 | 1 | @a阿兰@Aa lan@bW.B.@4著 |
| 702 | 0 | @a甘子光@Agan zi guang@4译 |
| 702 | 0 | @a林敏@Alin min@4译 |
| 801 | 2 | @aCN@bNLC@c20060810 |
| 801 | 0 | @aCN@b上海图书馆@c20040519 |
| 905 | @f2@b49795-796@dTN25@e15 | |
| 纤维光学:理论和实践/(英)阿兰(W.B.Alan)著/甘子光,林敏译.-北京:轻工业出版社,1981 |
| 266页;19cm |
| 书名原文:Fibre optics(Theory and practice) |
| ISBN :CNY0.88 |
| ● |
| 相关链接 |
|
|
|
|
正题名:纤维光学
索取号:TN25/15
 
预约/预借
| 序号 | 登录号 | 条形码 | 馆藏地/架位号 | 状态 | 备注 |
| 1 | 0049795 | 001351156 | 第三借阅区/ [索取号:TN25/15] | 在馆 | |
| 2 | 0049796 | 001351110 | 密集书库/ [索取号:TN25/15] | 在馆 | |
| 3 | 0049797 | 001351192 | 第二样本阅览室/ [索取号:TN25/15] | 在馆 | |
| 4 | 0452166 | 204521669 | 密集书库/ [索取号:TN25/15] | 在馆 |